000 00637cam a2200193 4500500
005 20260329003606.0
041 _afre
042 _adc
100 1 0 _aLegros, Martin
_eauthor
245 0 0 _aRégis Debray: “Walter Benjamin, une sentinelle qui peut encore sonner l’alarme”
260 _c2016.
500 _a55
690 _aHistoire
690 _aRégis Debray
690 _aSens de l’histoire
690 _aWalter Benjamin
786 0 _nPhilosophie magazine | 97 | 3 | 2016-03-01 | p. 41-41 | 1951-1787
856 4 1 _uhttps://shs.cairn.info/magazine-philosophie-magazine-2016-3-page-41?lang=fr&redirect-ssocas=7080
999 _c1825864
_d1825864